Propaganda socialista / (Record no. 81872)

MARC details
000 -LEADER
campo de control de longitud fija 00537nam a2200193 i 4500
001 - NÚMERO DE CONTROL
campo de control 81872
003 - IDENTIFICADOR DE NÚMERO DE CONTROL
campo de control ES-MaACL
005 - FECHA Y HORA DE LA ÚLTIMA TRANSACCIÓN
campo de control 20251202190218.0
007 - CAMPO FIJO DE DESCRIPCIÓN FÍSICA--INFORMACIÓN GENERAL
campo de control de longitud fija t|
008 - DATOS DE LONGITUD FIJA--INFORMACIÓN GENERAL
campo de control de longitud fija 041108s1919 sp ||||1| spa d
100 1# - ENTRADA PRINCIPAL--NOMBRE DE PERSONA
Nombre de persona Iglesias, Pablo,
Fechas asociadas al nombre 1850-1925
9 (RLIN) 242571
245 10 - MENCIÓN DEL TÍTULO
Título Propaganda socialista /
Mención de responsabilidad, etc. Pablo Iglesias.
260 ## - PUBLICACIÓN, DISTRIBUCIÓN, ETC.
Lugar de publicación, distribución, etc. Madrid :
Nombre del editor, distribuidor, etc. [s.n.,
Fecha de publicación, distribución, etc. 1919] (
Fabricante Libreria Pedagógica)
300 ## - DESCRIPCIÓN FÍSICA
Extensión 307 p. ;
Dimensiones 19 cm.
650 #7 - PUNTO DE ACCESO ADICIONAL DE MATERIA--TÉRMINO DE MATERIA
Fuente del encabezamiento o término embne
9 (RLIN) 17147
Término de materia o nombre geográfico como elemento de entrada Socialismo
852 ## - LOCALIZACIÓN
Ubicación ES-MaACL
Número de control de estantería F-13416
942 ## - ELEMENTOS DE ENTRADA SECUNDARIOS (KOHA)
Fuente del sistema de clasificación o colocación Clasificación decimal universal
Holdings
Estatus retirado Estado de pérdida Estado de daño No para préstamo Biblioteca de origen Biblioteca actual Ubicación en estantería Fecha de adquisición Fuente de adquisición Total de préstamos Signatura topográfica completa Código de barras Visto por última vez Fecha del último préstamo Precio de reemplazo Tipo de ítem Koha
        Biblioteca del Ateneo de Madrid Biblioteca del Ateneo de Madrid Sala Pecera Planta 2 17/01/2008   1 F-13416 1085574 19/03/2026 03/02/2026 23/02/2023 Libro impreso